Statistics for All WWE Survivor Series Main Events (1987-2020)

Click here to take the quiz!

General Stats

  • This quiz has been taken 687 times
    (479 since last reset)
  • The average score is 90 of 154

Answer Stats

HintAnswer% Correct
1993 | 1994 | 2001 | 2007Undertaker
91%
1999 | 2000 | 2002 | +4 othersTriple H
90%
2004 | 2005 | 2010 | +2 othersRandy Orton
89%
1989 | 1992 | 1996 | +4 othersShawn Michaels
89%
2001 | 2002 | 2005 | 2014Kane
88%
1987 | 1988 | 1990Hulk Hogan
87%
2008 | 2009 | 2011 | +3 othersJohn Cena
87%
2020Roman Reigns
86%
2015Roman Reigns
84%
1998 | 1999 | 2001 | 2011The Rock
84%
2000 | 2001Steve Austin
81%
1999 | 2001 | 2005 | +2 othersBig Show
80%
2016 | 2018Brock Lesnar
80%
2014Seth Rollins
80%
2001 | 2017Kurt Angle
77%
2001 | 2002 | 2004 | 2008Chris Jericho
76%
2004Edge
75%
1992 | 1995 | 1997Bret Hart
74%
2004 | 2005 | 2006 | 2007Batista
73%
2011The Miz
72%
2012CM Punk
70%
2018Daniel Bryan
70%
1988Randy Savage
70%
2001 | 2017Shane McMahon
68%
2005Rey Mysterio
67%
2014Dolph Ziggler
66%
1987 | 1989Andre The Giant
63%
2004Chris Benoit
63%
2003 | 2016Goldberg
63%
1989 | 1990Ultimate Warrior
63%
2017Braun Strowman
59%
2015Sheamus
59%
1995Diesel
58%
1998Mankind
58%
2001 | 2002Booker T
57%
2006King Booker
57%
1988 | 1990Ted Dibiase
57%
2020Drew McIntyre
56%
2014Mark Henry
54%
2001 | 2002Rob Van Dam
52%
1993 | 1994Yokozuna
52%
2012 | 2014Ryback
51%
2014Luke Harper
50%
2005JBL
49%
2011R-Truth
49%
2014Erick Rowan
47%
2010Wade Barrett
45%
2005Bobby Lashley
43%
1996Sycho Sid
43%
2017Finn Balor
41%
2017Shinsuke Nakamura
41%
2019Becky Lynch
39%
1993Lex Luger
39%
2014Rusev
39%
2019Bayley
34%
1988 | 1991Big Boss Man
32%
1987King Kong Bundy
31%
1987Rick Rude
31%
2017Samoa Joe
31%
1989Jim Neidhart
30%
1987Bam Bam Bigelow
29%
2005Carlito
29%
1990Paul Roma
29%
2017Bobby Roode
28%
1991Hawk
28%
1993Scott Steiner
28%
1991Animal
27%
1991Earthquake
27%
1993Rick Steiner
27%
2019Shayna Baszler
26%
2005Chris Masters
24%
1990Tito Santana
24%
1988 | 1989Haku
23%
1988Akeem
21%
1991Irwin R. Schyster
21%
1989Marty Jannetty
21%
1987One Man Gang
21%
1993Crush
20%
1987Don Muraco
20%
1991Typhoon
20%
1988 | 1990Hercules
19%
1988Hillbilly Jim
19%
1990Rick Martel
19%
1987Paul Orndorff
18%
1989Arn Anderson
17%
1987Butch Reed
17%
2004Maven
17%
1987Ken Patera
16%
1993Ludvig Borga
16%
2004Snitsky
16%
1990Warlord
16%
1988The Red Rooster
14%
1989Bobby Heenan
13%
1988Koko B. Ware
12%
1993Jacques
9%

Score Distribution

Percentile by Number Answered

Percent of People with Each Score

Your Score History

You have not taken this quiz since the last reset